الجينوم : (رقم التسجيلة. 85417)

تفاصيل مارك
000 -LEADER
fixed length control field 00797nam a22002417a 4500
005 - DATE AND TIME OF LATEST TRANSACTION
control field 20251108172651.0
008 - FIXED-LENGTH DATA ELEMENTS--GENERAL INFORMATION
fixed length control field 250721s2001 xx 000 0 ara d
020 ## - INTERNATIONAL STANDARD BOOK NUMBER
International Standard Book Number 9990600686
082 14 - DEWEY DECIMAL CLASSIFICATION NUMBER
Classification number 575.12/ريد
100 1# - MAIN ENTRY--PERSONAL NAME
Personal name ريدلي، مات
Relator term مؤلف
245 10 - TITLE STATEMENT
Title الجينوم :
Remainder of title السيرة الذاتية للنوع البشري /
246 11 - VARYING FORM OF TITLE
Title proper/short title GENOME
264 1# - PRODUCTION, PUBLICATION, DISTRIBUTION, MANUFACTURE, AND COPYRIGHT NOTICE
Place of production, publication, distribution, manufacture الكويت :
Name of producer, publisher, distributor, manufacturer المجلس الوطني للثقافة والفنون والآداب،
Date of production, publication, distribution, manufacture, or copyright notice 2001.
300 ## - PHYSICAL DESCRIPTION
Extent 389 ص.
490 0# - SERIES STATEMENT
Series statement ( عالم المعرفة ؛ )
Volume/sequential designation 275
650 17 - SUBJECT ADDED ENTRY--TOPICAL TERM
Topical term or geographic name as entry element علم الوراثه
650 17 - SUBJECT ADDED ENTRY--TOPICAL TERM
Topical term or geographic name as entry element الكود الوراثي
650 17 - SUBJECT ADDED ENTRY--TOPICAL TERM
Topical term or geographic name as entry element الهندسة الوراثية
650 17 - SUBJECT ADDED ENTRY--TOPICAL TERM
Topical term or geographic name as entry element الجينات
700 1# - ADDED ENTRY--PERSONAL NAME
Personal name فهمي، مصطفى
Relator term مترجم
942 ## - ADDED ENTRY ELEMENTS (KOHA)
Source of classification or shelving scheme Dewey Decimal Classification
Koha item type كتب
المقتنيات
حالة السحب حالة الفقدان مصدر التصنيف حالة التلف غير قابل للإعارة المكتبة الرئيسية المكتبة الحالية موقع الرف تاريخ التزويد الرقم المتسلسل Total Checkouts رقم الإستدعاء الباركود تاريخ آخر ظهور تاريخ الفاتورة نوع المادة (كوها)
    Dewey Decimal Classification     مكتبة أبو علندا العامة مكتبة أبو علندا العامة الإعارة 11/06/2008 509026   575.12/ريد PLD00020349 28/07/2025 11/06/2008 كتب
    Dewey Decimal Classification     مكتبة أم قصير والمقابلين العامة مكتبة أم قصير والمقابلين العامة الإعارة 28/07/2025 509025   575.12/ريد 509025 28/07/2025 28/07/2025 كتب
    Dewey Decimal Classification     مكتبة الأميرة ايمان العامة مكتبة الأميرة ايمان العامة الإعارة 28/07/2025 509017   575.12/ريد 509017 28/07/2025 28/07/2025 كتب
    Dewey Decimal Classification     مكتبة الاميرة بديعة مكتبة الاميرة بديعة الإعارة 22/10/2013 509020   575.12/ريد PLD00283460 28/07/2025 22/10/2013 كتب
    Dewey Decimal Classification     مكتبة الجويدة مكتبة الجويدة الإعارة 20/05/2015 509021   575.12/ريد PLD00325381 28/07/2025 20/05/2015 كتب
    Dewey Decimal Classification     مكتبة الحسن العامة مكتبة الحسن العامة الإعارة 28/07/2025 509022   575.12/ريد 509022 28/07/2025 28/07/2025 كتب
    Dewey Decimal Classification     مكتبة حمزة العامة مكتبة حمزة العامة الإعارة 13/01/2016 509023   575.12/ريد PLD00368929 28/07/2025 13/01/2016 كتب
    Dewey Decimal Classification     مكتبة صويلح العامة مكتبة صويلح العامة الإعارة 01/06/2019 509018   575.12/ريد PLD00453659 28/07/2025 01/06/2019 كتب
    Dewey Decimal Classification   Not For Loan مكتبة منتدى الرواد مكتبة منتدى الرواد لا يعار 29/01/2012 1507996   575.12/ريد PLD00237994 28/07/2025 29/01/2012 كتب
Implemented & Customized by: BBB with SCIT (Smart Chains for Information Technology)

Powered by Koha